[Event "Bled Olympiad"]
[Site "Bled SLO"]
[Date "2002.10.31"]
[EventDate "2002.10.26"]
[Round "6"]
[Result "1-0"]
[White "Meilis Annaberdiev"]
[Black "Ilir Seitaj"]
[WhiteElo "2305"]
[BlackElo "2406"]
[PlyCount "135"]

1. d4 d5 2. Nf3 e6 3. Bf4 c5 4. e3 Nc6 5. c3 Nf6 6. Nbd2 Be7
7. Ne5 O-O 8. Bd3 Bd7 9. Qf3 Rc8 10. Qh3 g6 11. O-O Nh5
12. Bh6 Nxe5 13. dxe5 Ng7 14. e4 f5 15. exd5 exd5 16. Qf3 Bc6
17. Qe2 Bg5 18. Bxg7 Kxg7 19. Nf3 Be7 20. Rad1 Qc7 21. Rfe1
Rce8 22. Bc2 Qb6 23. Bb1 Bd8 24. a3 Bc7 25. Ba2 c4 26. Rd2 Re7
27. Qd1 Rfe8 28. Rde2 Qc5 29. Qd2 Rf7 30. Qf4 Qf8 31. h4 Rfe7
32. Bb1 Kh8 33. h5 gxh5 34. Nd4 Rg7 35. Qxf5 Qg8 36. Qh3 Rf8
37. g3 Rg5 38. Re3 Bd8 39. e6 Be7 40. Nf3 d4 41. Nxd4 Be8
42. Be4 Rg4 43. Bf3 Rg5 44. Bg2 Qg7 45. Nf3 Rgf5 46. R1e2 Bc5
47. Nd4 Bxd4 48. cxd4 Qxd4 49. e7 R8f6 50. Qh4 Qxh4 51. gxh4
Kg7 52. Rd2 Rg6 53. Rd8 Kf7 54. Kf1 c3 55. bxc3 Bb5+ 56. Ke1
Rxg2 57. Rf8+ Kg6 58. Rg8+ Kf7 59. Rxg2 Be8 60. Rgg3 Bc6
61. Rg5 Rf6 62. Rxh5 h6 63. Rhe5 Be8 64. Ke2 Rc6 65. Rf5+ Kg7
66. Rf8 Rc8 67. Rg3+ Kh7 68. Ke1 1-0

[Event "Bled Olympiad"]
[Site "Bled SLO"]
[Date "2002.10.31"]
[EventDate "2002.10.26"]
[Round "6"]
[Result "1-0"]
[White "Handszar Odeev"]
[Black "Ilir Karkanaqe"]
[WhiteElo "2461"]
[BlackElo "2375"]
[PlyCount "45"]

1. e4 e5 2. Nf3 Nf6 3. Nxe5 d6 4. Nf3 Nxe4 5. Nc3 Nxc3 6. dxc3
Be7 7. Bf4 Nd7 8. Qd2 Nc5 9. O-O-O O-O 10. Be3 Bf6 11. Bxc5
dxc5 12. Qf4 Qe7 13. Bc4 Be6 14. Rhe1 Rad8 15. Rxd8 Rxd8
16. Bxe6 fxe6 17. Qe4 Bg5+ 18. Kb1 Qd6 19. a3 Bf6 20. Qxb7 c6
21. Qxa7 g5 22. Qa4 e5 23. Qg4 1-0

[Event "Bled Olympiad"]
[Site "Bled SLO"]
[Date "2002.10.31"]
[EventDate "2002.10.26"]
[Round "6"]
[Result "0-1"]
[White "Faisal Khairallah"]
[Black "Imed Abdelnabbi"]
[WhiteElo "2228"]
[BlackElo "2412"]
[PlyCount "170"]

1. e4 c5 2. Nf3 d6 3. d4 cxd4 4. Nxd4 Nf6 5. Nc3 Nc6 6. Bg5 e6
7. Qd2 a6 8. O-O-O Bd7 9. f3 Rc8 10. Nxc6 Bxc6 11. h4 h6
12. Be3 Qc7 13. Kb1 b5 14. Bd3 Qb7 15. Rhe1 Be7 16. g4 Nd7
17. g5 Ne5 18. Qg2 hxg5 19. hxg5 b4 20. Ne2 d5 21. g6 Bf6
22. Nf4 dxe4 23. Bxe4 Bxe4 24. fxe4 Nc4 25. Bc1 Na3+ 26. Ka1
Nxc2+ 27. Kb1 Nxe1 28. Rxe1 b3 29. axb3 Rh4 30. gxf7+ Qxf7
31. e5 Bd8 32. Ne2 Qf5+ 33. Ka2 Rg4 34. Qh1 Bh4 35. Rf1 Qe4
36. Nc3 Qxh1 37. Rxh1 Rc5 38. Rd1 Rxe5 39. Rd6 a5 40. Bd2 Bg5
41. Bxg5 Rgxg5 42. Ka3 Rg1 43. b4 Ra1+ 44. Kb3 axb4 45. Kxb4
Ra8 46. Kc4 Ke7 47. Rb6 Kf6 48. b4 g5 49. b5 g4 50. Kb4 g3
51. Ra6 Rg8 52. Ra1 g2 53. Rg1 Rg4+ 54. Ka5 Rg3 55. Kb4 Ree3
56. Nd1 Rb3+ 57. Kc5 Rb1 58. b6 Rxd1 59. b7 Rd5+ 60. Kc6 Rc3+
61. Kb6 Rd6+ 62. Ka7 Ra3+ 63. Kb8 Rb3 64. Rxg2 Rd7 65. Ka8
Rd8+ 66. Ka7 e5 67. Rc2 e4 68. Ka6 Rd1 69. Ka7 Rdb1 70. Ka8 e3
71. Re2 Kf5 72. Rc2 Ke4 73. Rh2 Kf3 74. Rh7 Ra1+ 75. Kb8 e2
76. Rh3+ Kg4 77. Rxb3 e1=Q 78. Rd3 Qe8+ 79. Kc7 Rc1+ 80. Kb6
Qg6+ 81. Ka7 Ra1+ 82. Kb8 Qxd3 83. Kc7 Rc1+ 84. Kb8 Qd6+
85. Ka8 Ra1+ 0-1

[Event "Bled Olympiad"]
[Site "Bled SLO"]
[Date "2002.10.31"]
[EventDate "2002.10.26"]
[Round "6"]
[Result "0-1"]
[White "Sebastian Granara Barreto"]
[Black "Hoang Thong Tu"]
[WhiteElo "2315"]
[BlackElo "2507"]
[PlyCount "46"]

1. d4 f5 2. Bg5 c6 3. c4 h6 4. Bd2 Nf6 5. Nc3 d5 6. cxd5 cxd5
7. e3 e6 8. Nf3 Nc6 9. Bb5 Bd6 10. Ne5 O-O 11. Nxc6 bxc6
12. Bxc6 Rb8 13. Bb5 Ne4 14. Be2 Qh4 15. Nxe4 fxe4 16. g3 Qh3
17. Bg4 Qg2 18. Rf1 Qxh2 19. Bc3 Ba6 20. Be2 Rxf2 21. Rxf2
Bxg3 22. Kd2 Qxf2 23. Qf1 Rf8 0-1

[Event "Bled Olympiad"]
[Site "Bled SLO"]
[Date "2002.10.31"]
[EventDate "2002.10.26"]
[Round "6"]
[Result "0-1"]
[White "Manuel Larrea"]
[Black "Vinh Bui"]
[WhiteElo "2184"]
[BlackElo "2459"]
[PlyCount "124"]

1. d4 d5 2. c4 e6 3. Nc3 c6 4. Nf3 dxc4 5. a4 Bb4 6. g3 c5
7. Be3 cxd4 8. Qxd4 Qxd4 9. Bxd4 Nf6 10. Ne5 Nc6 11. Nxc6 bxc6
12. Bg2 Bb7 13. O-O O-O 14. a5 Nd5 15. a6 Bc8 16. Ra4 Be7
17. Rxc4 Bxa6 18. Rxc6 Nxc3 19. bxc3 Bxe2 20. Re1 Bb5 21. Rc7
Bd6 22. Rxa7 Rxa7 23. Bxa7 Rc8 24. Bd4 h6 25. Bf1 Bc6 26. c4
Bb7 27. Rb1 Be4 28. Re1 Bb7 29. Rb1 Be4 30. Re1 Bc6 31. Bb6
Kf8 32. c5 Be7 33. Ra1 Bf6 34. Ra7 Bd4 35. Ba6 Ra8 36. Rxa8+
Bxa8 37. Kf1 Bf3 38. Ba7 Bc6 39. Ke2 Ke7 40. f3 h5 41. h3 f5
42. f4 g6 43. Bd3 Kf6 44. Bb6 Ke7 45. Ba7 Bg2 46. Ba6 Bc6
47. Bd3 Kd7 48. Bc4 Bg1 49. h4 Bd4 50. Ba6 Ke7 51. Bb6 Kd7
52. Ba7 e5 53. fxe5 Bxe5 54. Kf2 Bd4+ 55. Ke2 Be5 56. Kf2 Ke7
57. Bc4 Bf6 58. Bb6 f4 59. Bd3 Bd4+ 60. Ke2 fxg3 61. Bc7 g2
62. Bh2 Bc3 0-1

[Event "Bled Olympiad"]
[Site "Bled SLO"]
[Date "2002.10.31"]
[EventDate "2002.10.26"]
[Round "6"]
[Result "1/2-1/2"]
[White "Anh Dung Nguyen"]
[Black "Gabriel Curi Milia"]
[WhiteElo "2540"]
[BlackElo "2269"]
[PlyCount "103"]

1. e4 e6 2. d4 d5 3. Nd2 Nf6 4. e5 Nfd7 5. Bd3 c5 6. c3 Nc6
7. Ne2 Qb6 8. Nf3 cxd4 9. cxd4 f6 10. exf6 Nxf6 11. O-O Bd6
12. a3 O-O 13. Nc3 e5 14. dxe5 Nxe5 15. Nxe5 Bxe5 16. Nxd5
Nxd5 17. Qh5 Bxh2+ 18. Qxh2 Nf6 19. Be3 Qb3 20. Rad1 Be6
21. Bd4 Bc4 22. Bc3 Bxd3 23. Rxd3 Ne4 24. Qe5 Nxc3 25. Rg3 Qf7
26. Qxc3 Rac8 27. Qd4 b6 28. Rd1 Qf6 29. Qxf6 Rxf6 30. Rgd3
Rc2 31. R3d2 Rxd2 32. Rxd2 Rf7 33. Kh2 Rc7 34. g4 Kf7 35. f4
Ke7 36. Kg3 Rc4 37. Kf3 Rc5 38. Re2+ Kf7 39. Ke4 h5 40. gxh5
Rxh5 41. Rc2 Rb5 42. b4 a5 43. Rc7+ Kf6 44. Rc6+ Kf7 45. Rc7+
Kf6 46. Rc4 g6 47. Rd4 Ke6 48. Rc4 Kf6 49. Rc6+ Kf7 50. Rc4
Kf6 51. Rc6+ Kf7 52. Kd4 1/2-1/2

[Event "Bled Olympiad"]
[Site "Bled SLO"]
[Date "2002.10.31"]
[EventDate "2002.10.26"]
[Round "6"]
[Result "1-0"]
[White "Dao Thien Hai"]
[Black "Bernardo Roselli Mailhe"]
[WhiteElo "2547"]
[BlackElo "2446"]
[PlyCount "93"]

1. d4 Nf6 2. c4 g6 3. Nc3 Bg7 4. e4 d6 5. Nf3 O-O 6. h3 e5
7. d5 Na6 8. g4 c6 9. Be3 cxd5 10. cxd5 Bd7 11. Nd2 Qb8
12. Be2 Rc8 13. h4 b5 14. g5 Ne8 15. h5 Nc5 16. Qb1 a5 17. Nd1
a4 18. Kf1 Qc7 19. Kg2 f5 20. hxg6 hxg6 21. Bxc5 dxc5 22. exf5
Bxf5 23. Bd3 Qe7 24. Ne4 Bxe4+ 25. Bxe4 Qxg5+ 26. Kf1 Ra6
27. Rg1 Qf4 28. Bxg6 Rf6 29. Qd3 Nd6 30. Qh3 Rc7 31. Rg2 Qh6
32. Qg3 Nc4 33. b3 Nd2+ 34. Ke2 Nf3 35. Ne3 Nh4 36. Ng4 Qxg6
37. Qxh4 Qc2+ 38. Kf1 Rd6 39. Kg1 Kf8 40. bxa4 b4 41. Ne3 Qb2
42. Rd1 Qxa2 43. Qe4 c4 44. f4 Qxa4 45. fxe5 Rh6 46. d6 Rc8
47. Qf5+ 1-0

[Event "Bled Olympiad"]
[Site "Bled SLO"]
[Date "2002.10.31"]
[EventDate "2002.10.26"]
[Round "6"]
[Result "0-1"]
[White "Tebogo Pitlagano"]
[Black "Leif Erlend Johannessen"]
[WhiteElo "2033"]
[BlackElo "2534"]
[PlyCount "62"]

1. e4 e6 2. d4 d5 3. e5 c5 4. c3 Qb6 5. Nf3 Nc6 6. Bd3 cxd4
7. cxd4 Bd7 8. O-O Nxd4 9. Nxd4 Qxd4 10. Nc3 Qxe5 11. Re1 Qb8
12. Nxd5 Bd6 13. Qg4 Kf8 14. Bd2 h5 15. Qh3 Bc6 16. Nb4 Be8
17. Be4 Nf6 18. Bf3 Kg8 19. Bc3 Ng4 20. g3 Ne5 21. Bxe5 Bxe5
22. Nd3 Bd4 23. Qh4 Qd6 24. Rad1 Qb6 25. Qe7 Rb8 26. h4 Rh6
27. Re2 Rf6 28. Bxh5 Bb5 29. Qb4 Rd8 30. Kg2 Bxd3 31. Qxb6
Bxb6 0-1

[Event "Bled Olympiad"]
[Site "Bled SLO"]
[Date "2002.10.31"]
[EventDate "2002.10.26"]
[Round "6"]
[Result "1-0"]
[White "Kjetil A Lie"]
[Black "Ofentse Molale"]
[WhiteElo "2421"]
[BlackElo "2081"]
[PlyCount "69"]

1. c4 e6 2. g3 d5 3. Bg2 Nf6 4. Nf3 Be7 5. O-O O-O 6. Qc2 c5
7. d4 cxd4 8. Nxd4 Nc6 9. Nxc6 bxc6 10. Rd1 Qa5 11. Bd2 Qb6
12. b3 Bc5 13. e3 Ba6 14. Nc3 Be7 15. Na4 Qb7 16. Bc3 Rac8
17. Rab1 Rfd8 18. Bd4 Nd7 19. Qb2 Bf8 20. Qc2 Be7 21. f4 Qc7
22. Rbc1 Ba3 23. Nb2 dxc4 24. bxc4 c5 25. Bxg7 f6 26. Bh6 Nb6
27. f5 Qe5 28. Rxd8+ Rxd8 29. Rd1 Rc8 30. Na4 Nxc4 31. Qd3 Bb5
32. Nc3 Nb2 33. Qxb5 Nxd1 34. Qd7 Qc7 35. Qxe6+ 1-0

[Event "Bled Olympiad"]
[Site "Bled SLO"]
[Date "2002.10.31"]
[EventDate "2002.10.26"]
[Round "6"]
[Result "0-1"]
[White "Wu Shaobin"]
[Black "Dashzeveg Sharavdorj"]
[WhiteElo "2544"]
[BlackElo "2418"]
[PlyCount "76"]

1. d4 Nf6 2. c4 e6 3. Nf3 d5 4. Nc3 c6 5. Bg5 Be7 6. e3 h6
7. Bh4 O-O 8. Qc2 Nbd7 9. Rc1 a6 10. cxd5 exd5 11. Bd3 Nh5
12. Bxe7 Qxe7 13. O-O Nhf6 14. a3 Re8 15. Rce1 Nf8 16. Ne5 c5
17. f4 c4 18. Be2 b5 19. Bf3 Bb7 20. g4 Rad8 21. Qg2 Ne4
22. Bxe4 dxe4 23. g5 Kh8 24. gxh6 gxh6 25. Qh3 Rd6 26. Qh5 Rf6
27. Kh1 Ne6 28. Ng4 Ng7 29. Qh3 Qe6 30. d5 Qd6 31. Qh4 Rg6
32. f5 Nxf5 33. Rxf5 Bc8 34. Rf6 Bxg4 35. Rxf7 Bf3+ 36. Rxf3
exf3 37. Qd4+ Kh7 38. e4 Qf4 0-1

[Event "Bled Olympiad"]
[Site "Bled SLO"]
[Date "2002.10.31"]
[EventDate "2002.10.26"]
[Round "6"]
[Result "0-1"]
[White "Bazar Khatanbaatar"]
[Black "Meng-Kong Wong"]
[WhiteElo "2439"]
[BlackElo "2496"]
[PlyCount "174"]

1. e4 e6 2. d4 d5 3. Nc3 Nf6 4. Bg5 Bb4 5. e5 h6 6. Bd2 Bxc3
7. bxc3 Ne4 8. Qg4 g6 9. Bd3 Nxd2 10. Kxd2 Qe7 11. Nf3 c5
12. h4 c4 13. Be2 Nc6 14. h5 g5 15. Nh2 f5 16. exf6 Qxf6
17. Qf3 Qxf3 18. Bxf3 O-O 19. Rae1 Bd7 20. Re2 Kg7 21. Rhe1
Rae8 22. Bg4 Rf6 23. Bh3 Re7 24. f3 Nd8 25. Ng4 Rf8 26. Ne5
Be8 27. Bg4 Rf6 28. g3 Rf8 29. Rf2 Rf6 30. f4 Nc6 31. Nxc6
bxc6 32. Re5 gxf4 33. gxf4 Kf8 34. Ke3 Bf7 35. Kd2 Bg8 36. Rf3
Bh7 37. Rf2 Be4 38. Ke3 Bh7 39. a3 Kf7 40. Bh3 Re8 41. a4 a5
42. Kd2 Rg8 43. Re1 Rg3 44. Re3 Rg1 45. Re1 Rxe1 46. Kxe1 Bf5
47. Bf1 Bg4 48. Be2 Bxe2 49. Kxe2 Rf5 50. Kf3 Rxh5 51. Kg4 Rh1
52. f5 Rg1+ 53. Kf4 Re1 54. Rh2 Rf1+ 55. Ke3 Kg7 56. fxe6 Re1+
57. Kf2 Rxe6 58. Rh1 Rf6+ 59. Kg2 Kg6 60. Re1 Kg5 61. Re8 Kg4
62. Rg8+ Kf4 63. Kf2 Kf5 64. Ra8 Kg4+ 65. Kg2 h5 66. Rg8+ Kf4
67. Kf2 Ke4+ 68. Ke2 Rh6 69. Re8+ Kf4 70. Kf2 h4 71. Rf8+ Kg4
72. Rg8+ Kh3 73. Ra8 Rf6+ 74. Ke2 Kg2 75. Rg8+ Kh2 76. Rh8 h3
77. Rg8 Kh1 78. Rg3 Kh2 79. Rg8 Rf7 80. Rg6 Re7+ 81. Kf2 Rb7
82. Rxc6 Rb2 83. Rc5 Rxc2+ 84. Kf1 Kg3 85. Rc8 h2 86. Rg8+ Kf3
87. Rf8+ Ke3 0-1

[Event "Bled Olympiad"]
[Site "Bled SLO"]
[Date "2002.10.31"]
[EventDate "2002.10.26"]
[Round "6"]
[Result "0-1"]
[White "Cristobal Valiente"]
[Black "Darcy Gustavo Machado Vieira Lima"]
[WhiteElo "2330"]
[BlackElo "2533"]
[PlyCount "96"]

1. Nf3 d5 2. b3 Nf6 3. Bb2 e6 4. e3 Be7 5. Be2 O-O 6. O-O c5
7. c4 Nc6 8. cxd5 Nxd5 9. Nc3 Nxc3 10. Bxc3 b6 11. Qc2 Bb7
12. Qb2 Bf6 13. Rfd1 Bxc3 14. dxc3 Qe7 15. Rd2 Rad8 16. Rad1
Rxd2 17. Rxd2 Rd8 18. Rxd8+ Qxd8 19. Qd2 Qe7 20. Ne1 e5 21. e4
Qd8 22. Qxd8+ Nxd8 23. f3 Ne6 24. Bc4 Bc8 25. Kf2 Kf8 26. g3
Ke7 27. Nc2 Nc7 28. Ne3 b5 29. Be2 Be6 30. f4 f6 31. Bg4 exf4
32. gxf4 Bxg4 33. Nxg4 Ne6 34. Ke3 g5 35. fxg5 fxg5 36. b4
cxb4 37. cxb4 h5 38. Ne5 a6 39. Nf3 g4 40. Ne5 Kf6 41. Nd3 Kg5
42. Kf2 h4 43. Kf1 Nd4 44. Nc5 Kf4 45. Kf2 Nc2 46. Nxa6 g3+
47. hxg3+ hxg3+ 48. Kg2 Ne1+ 0-1

[Event "Bled Olympiad"]
[Site "Bled SLO"]
[Date "2002.10.31"]
[EventDate "2002.10.26"]
[Round "6"]
[Result "1/2-1/2"]
[White "Everaldo Matsuura"]
[Black "Eduardo Peralta"]
[WhiteElo "2453"]
[BlackElo "2355"]
[PlyCount "122"]

1. d4 Nf6 2. c4 c5 3. d5 d6 4. Nc3 e5 5. e4 Nbd7 6. Nf3 Be7
7. Be2 O-O 8. O-O Ne8 9. a3 g6 10. b4 b6 11. Ne1 Ng7 12. Nd3
f5 13. Rb1 Nf6 14. f3 f4 15. bxc5 bxc5 16. Bd2 Rf7 17. Qa4
Nge8 18. Rb2 Bf8 19. Rfb1 a6 20. Na2 Bd7 21. Qa5 Qc8 22. Qb6
g5 23. Qb7 Qxb7 24. Rxb7 Bc8 25. Rb8 Rfa7 26. Ba5 Nd7 27. R8b2
Ndf6 28. Bd1 g4 29. Ba4 Rg7 30. Kf2 gxf3 31. gxf3 Bh3 32. Ne1
Nd7 33. Bc6 Ra7 34. Bd8 Be7 35. Bxe7 Rxe7 36. Rb7 Ndf6
37. Rxe7 Rxe7 38. Nc3 Kf8 39. Ne2 Ra7 40. Nd3 Rg7 41. Ne1 Ra7
42. Rb8 Ke7 43. Nd3 Nd7 44. Rb1 Ndf6 45. Rb8 Nd7 46. Rxe8+
Kxe8 47. Ng1 Kd8 48. Nxh3 h6 49. Ke2 Nb6 50. Nb2 Rg7 51. Kf2
Kc7 52. Kf1 Rg8 53. Nf2 Rb8 54. Nfd3 Rg8 55. Kf2 Rb8 56. Ke2
Rg8 57. Kf2 Rb8 58. Kf1 Rg8 59. Nf2 Rb8 60. Nfd1 Rg8 61. Nf2
Rb8 1/2-1/2

[Event "Bled Olympiad"]
[Site "Bled SLO"]
[Date "2002.10.31"]
[EventDate "2002.10.26"]
[Round "6"]
[Result "1/2-1/2"]
[White "Catarino Domingos"]
[Black "Vladimir Magai"]
[WhiteElo "2247"]
[BlackElo "2531"]
[PlyCount "106"]

1. e4 e5 2. Nf3 Nc6 3. Bb5 a6 4. Ba4 Nf6 5. O-O b5 6. Bb3 Bc5
7. Nxe5 Nxe5 8. d4 Bxd4 9. Qxd4 d6 10. f4 Nc6 11. Qd3 Bb7
12. Nc3 O-O 13. Nd5 Nxd5 14. exd5 Na5 15. Bd2 Nxb3 16. axb3
Re8 17. Rfe1 Qf6 18. c3 h5 19. Re4 c6 20. Rxe8+ Rxe8 21. dxc6
Bxc6 22. Rxa6 Rc8 23. b4 Qe6 24. h3 Qd7 25. Ra1 Qb7 26. Qg3
Be4 27. Be3 Qd5 28. Bd4 Bg6 29. Rf1 Qf5 30. Qe3 f6 31. Qf3 Re8
32. Ra1 Re7 33. Ra8+ Kh7 34. Ra1 Bf7 35. Ra7 Bd5 36. Qg3 Bb7
37. Qh4 Qg6 38. Qf2 Qd3 39. Qf1 Qd2 40. Ra1 Re2 41. Bf2 Qxb2
42. Qb1+ Qxb1+ 43. Rxb1 Rc2 44. Rd1 d5 45. Rd3 Kg6 46. Rg3+
Kf7 47. Bd4 Rc1+ 48. Kh2 Bc8 49. Rf3 Bf5 50. Rf2 Ke6 51. Kg3
Be4 52. Kh4 Rg1 53. Kxh5 Rxg2 1/2-1/2

[Event "Bled Olympiad"]
[Site "Bled SLO"]
[Date "2002.10.31"]
[EventDate "2002.10.26"]
[Round "6"]
[Result "1/2-1/2"]
[White "Taweechai Thamtavatvorn"]
[Black "Alejandro Ramirez Alvarez"]
[WhiteElo "2128"]
[BlackElo "2421"]
[PlyCount "127"]

1. Nf3 c5 2. c4 Nc6 3. Nc3 g6 4. b3 Bg7 5. Bb2 e5 6. Nd5 Nge7
7. e4 O-O 8. d3 d6 9. Be2 f5 10. Nd2 Kh8 11. O-O f4 12. Bg4 h5
13. Bxc8 Rxc8 14. a3 Qe8 15. g4 Qd7 16. f3 hxg4 17. fxg4 b5
18. h3 Rb8 19. Qe1 g5 20. Bc3 Kh7 21. Nf3 Kg6 22. Kg2 Rh8
23. b4 bxc4 24. dxc4 Rh6 25. b5 Nd4 26. Bxd4 cxd4 27. Nh2 Bf6
28. Rb1 Nxd5 29. exd5 Qh7 30. Qe4+ Kg7 31. Qxh7+ Rxh7 32. Rfe1
Re8 33. Re4 Reh8 34. Rb3 Kg6 35. Nf3 Rc8 36. Nd2 Bd8 37. Re2
Rd7 38. Rb4 Ba5 39. Ra4 Bxd2 40. Rxd2 Kf6 41. Kf3 Rh8 42. Kg2
Rdh7 43. Rd3 e4 44. Rxd4 Rxh3 45. Rxe4 Rg3+ 46. Kf1 Rh1+
47. Ke2 Rxg4 48. Re6+ Kf5 49. Rxa7 Rg2+ 50. Kf3 Rg3+ 51. Ke2
Kg4 52. Kd2 f3 53. Rf7 Rh2+ 54. Ke3 Ra2 55. Rxd6 Kh3 56. Rdf6
g4 57. d6 Kg2 58. Kd4 Rd2+ 59. Kc5 f2 60. d7 Rf3 61. Rxf3 gxf3
62. Rg7+ Kh3 63. Rh7+ Kg3 64. Rg7+ 1/2-1/2

[Event "Bled Olympiad"]
[Site "Bled SLO"]
[Date "2002.10.31"]
[EventDate "2002.10.26"]
[Round "6"]
[Result "1/2-1/2"]
[White "Slim Belkhodja"]
[Black "Valery Grechihin"]
[WhiteElo "2497"]
[BlackElo "2543"]
[PlyCount "105"]

1. e4 e5 2. Bc4 Nf6 3. d3 Nc6 4. Nf3 h6 5. c3 d6 6. O-O g6
7. d4 Qe7 8. dxe5 Nxe5 9. Nxe5 dxe5 10. Qe2 Bg7 11. a4 O-O
12. a5 a6 13. b3 Rd8 14. Ba3 Qe8 15. Nd2 Bf8 16. Bxf8 Kxf8
17. f4 Be6 18. fxe5 Nd7 19. Nf3 Kg7 20. h3 Qe7 21. Rf2 Rf8
22. Raf1 Rae8 23. b4 c6 24. Bd3 Rc8 25. Bc4 Rce8 26. Qd3 Bxc4
27. Qxc4 Qe6 28. Qxe6 Rxe6 29. Rd1 Nxe5 30. Nxe5 Rxe5 31. Rd7
Rb5 32. e5 Rxe5 33. Rxb7 Rb5 34. Ra7 c5 35. Rf4 cxb4 36. cxb4
g5 37. Rd4 Rfb8 38. Rxa6 Rxb4 39. Rxb4 Rxb4 40. Rb6 Ra4 41. a6
h5 42. Kf2 Ra3 43. Ke2 Rg3 44. Kf2 Ra3 45. Ke1 Ra2 46. g3 Ra3
47. Kf2 h4 48. gxh4 gxh4 49. Kg2 Rg3+ 50. Kh2 Ra3 51. Rd6 Ra2+
52. Kg1 Ra3 53. Kg2 1/2-1/2

[Event "Bled Olympiad"]
[Site "Bled SLO"]
[Date "2002.10.31"]
[EventDate "2002.10.26"]
[Round "6"]
[Result "1-0"]
[White "Yakup Bayram"]
[Black "Matej Sebenik"]
[WhiteElo "2313"]
[BlackElo "2414"]
[PlyCount "143"]

1. d4 Nf6 2. c4 g6 3. Nc3 Bg7 4. e4 d6 5. Nf3 O-O 6. h3 c5
7. d5 a6 8. Be3 b5 9. Bd3 e6 10. O-O exd5 11. exd5 bxc4
12. Bxc4 Nbd7 13. Qd2 Re8 14. Rfe1 Nb6 15. b3 Bf5 16. Rac1
Nxc4 17. bxc4 Rb8 18. Bh6 Rb4 19. Bxg7 Kxg7 20. g4 Bd7 21. Qf4
Rxe1+ 22. Rxe1 Bb5 23. Nd2 Be8 24. a3 Rb6 25. Nce4 Nxe4
26. Nxe4 h6 27. Nxd6 Rxd6 28. Rxe8 Qxe8 29. Qxd6 Qe1+ 30. Kg2
Qe4+ 31. Kh2 Qd4 32. Qg3 Kf8 33. Kg2 Qe4+ 34. Qf3 Qxc4 35. d6
Qe6 36. Qa8+ Qe8 37. Qd5 Qe6 38. Qxc5 Qe4+ 39. Kg1 Qe1+
40. Kh2 Qd2 41. Kg2 Kg7 42. Qe5+ Kh7 43. h4 Qd1 44. Qf4 Qd5+
45. Kh2 f5 46. h5 Kg7 47. hxg6 fxg4 48. Kg3 Kxg6 49. Qxg4+ Kf6
50. Qh4+ Kg6 51. Qe7 Qd3+ 52. f3 Qd1 53. d7 Qg1+ 54. Kf4 Qc1+
55. Qe3 Qc7+ 56. Ke4 Qxd7 57. Qb6+ Kg7 58. Qxa6 Qe7+ 59. Kd3
Qe1 60. Qa7+ Kg8 61. Qb8+ Kf7 62. Qf4+ Kg7 63. Qd4+ Kg8
64. Qc4+ Kg7 65. Qc3+ Qxc3+ 66. Kxc3 Kf6 67. Kd3 Kg5 68. Ke3
Kh4 69. Kf2 Kh3 70. a4 h5 71. a5 Kh2 72. a6 1-0

[Event "Bled Olympiad"]
[Site "Bled SLO"]
[Date "2002.10.31"]
[EventDate "2002.10.26"]
[Round "6"]
[Result "1-0"]
[White "Jure Borisek"]
[Black "Umut Atakisi"]
[WhiteElo "2401"]
[BlackElo "2340"]
[PlyCount "73"]

1. e4 c5 2. Nf3 Nc6 3. d4 cxd4 4. Nxd4 Nf6 5. Nc3 e5 6. Ndb5
d6 7. Nd5 Nxd5 8. exd5 Nb8 9. a4 Be7 10. Be3 O-O 11. a5 Bd7
12. Nxa7 f5 13. Qd2 f4 14. Bb6 Qe8 15. Qb4 Bf5 16. Nb5 Na6
17. Qd2 Qg6 18. c3 Bg5 19. h4 Bh6 20. h5 Qf6 21. f3 e4
22. O-O-O Rfc8 23. Qd4 Qe7 24. Na7 Nc5 25. Bc4 Rxa7 26. Bxa7
Nd7 27. Rhe1 Ne5 28. Bf1 e3 29. Qb4 Bg5 30. Be2 h6 31. Rd4 Bh4
32. Red1 Bg3 33. Rxf4 Bxf4 34. Qxf4 Nd3+ 35. Bxd3 Bxd3
36. Qxe3 Qxe3+ 37. Bxe3 1-0

[Event "Bled Olympiad"]
[Site "Bled SLO"]
[Date "2002.10.31"]
[EventDate "2002.10.26"]
[Round "6"]
[Result "0-1"]
[White "Kenneth T Solomon"]
[Black "Ramon Mateo"]
[WhiteElo "2331"]
[BlackElo "2420"]
[PlyCount "74"]

1. d4 Nf6 2. c4 e6 3. Nf3 b6 4. g3 Ba6 5. Qa4 c5 6. Bg2 Bb7
7. dxc5 bxc5 8. O-O Be7 9. Nc3 O-O 10. Rd1 Qb6 11. Bf4 d6
12. Rab1 Na6 13. a3 Bc6 14. Qc2 Rfd8 15. e4 Qb7 16. b4 cxb4
17. Nd4 e5 18. axb4 exd4 19. b5 dxc3 20. bxc6 Qc8 21. e5 dxe5
22. Rxd8+ Bxd8 23. Bxe5 Nc7 24. Rb7 a5 25. Qxc3 a4 26. Qa3 h6
27. Bxc7 Bxc7 28. Bf3 Qd8 29. Kg2 Qd6 30. c5 Qe5 31. Rb4 g5
32. Rxa4 Rxa4 33. Qxa4 Qxc5 34. h3 Kg7 35. h4 Bb6 36. hxg5
Qxf2+ 37. Kh3 hxg5 0-1

[Event "Bled Olympiad"]
[Site "Bled SLO"]
[Date "2002.10.31"]
[EventDate "2002.10.26"]
[Round "6"]
[Result "1-0"]
[White "Saad Abdullah Sarsam"]
[Black "Ryan Harper"]
[WhiteElo "2409"]
[BlackElo "2248"]
[PlyCount "106"]

1. d4 Nf6 2. Nc3 g6 3. e4 d6 4. f3 Bg7 5. Be3 Nbd7 6. Qd2 e5
7. Nge2 h5 8. O-O-O c6 9. Kb1 O-O 10. Nc1 Qc7 11. dxe5 dxe5
12. Nb3 Re8 13. Qd6 Qxd6 14. Rxd6 Bf8 15. Rd1 Be7 16. a3 Nf8
17. Na5 Bd8 18. Nc4 Bc7 19. Bg5 Kg7 20. Bh4 b5 21. Nd6 Rd8
22. Nxc8 Raxc8 23. Bf2 Rxd1+ 24. Nxd1 Rd8 25. Kc1 a6 26. Be3
Ne6 27. Nf2 Nh7 28. Nd3 Bd6 29. Nb4 Bxb4 30. axb4 Rc8 31. g3
f5 32. c3 c5 33. bxc5 Nxc5 34. exf5 gxf5 35. Bh3 Kf6 36. Rd1
Ne6 37. Rd6 Ra8 38. f4 Nhf8 39. Bg2 e4 40. Bh3 Ng6 41. Bd4+
Ke7 42. Rd5 Nxd4 43. cxd4 Rc8+ 44. Kd2 Rc4 45. Bxf5 Nf8 46. b3
Rb4 47. Kc3 a5 48. Bxe4 Nd7 49. Rxh5 Nf6 50. Re5+ Kd6 51. Bf3
Nd7 52. Rd5+ Ke7 53. h4 Nb8 1-0

[Event "Bled Olympiad"]
[Site "Bled SLO"]
[Date "2002.10.31"]
[EventDate "2002.10.26"]
[Round "6"]
[Result "1-0"]
[White "Johann Carlos Alvarez Marquez"]
[Black "Aleksei Kulashko"]
[WhiteElo "2382"]
[BlackElo "2400"]
[PlyCount "55"]

1. d4 g6 2. c4 Bg7 3. Nc3 c5 4. d5 Bxc3+ 5. bxc3 f5 6. h4 Nf6
7. h5 Rg8 8. hxg6 hxg6 9. e4 Nxe4 10. Bd3 d6 11. Bxe4 fxe4
12. Rh7 Nd7 13. Qa4 b5 14. Qxb5 Rb8 15. Qa4 Qb6 16. Bg5 Qb2
17. Rc1 e3 18. Ne2 exf2+ 19. Kf1 Rb6 20. Rxe7+ Kf8 21. Rxd7
Ra6 22. Rd8+ Kf7 23. Qc2 Rxa2 24. Qe4 Rxd8 25. Qe7+ Kg8
26. Qxd8+ Kh7 27. Qe7+ Kg8 28. Bf6 1-0

[Event "Bled Olympiad"]
[Site "Bled SLO"]
[Date "2002.10.31"]
[EventDate "2002.10.26"]
[Round "6"]
[Result "1/2-1/2"]
[White "Matjaz Mikac"]
[Black "A Al Ghasra"]
[WhiteElo "2401"]
[BlackElo "2157"]
[PlyCount "43"]

1. e4 e5 2. Nf3 Nc6 3. Bc4 Bc5 4. c3 Nf6 5. d3 d6 6. O-O O-O
7. Nbd2 a6 8. Bb3 Ba7 9. h3 Qe7 10. Re1 Be6 11. Nf1 h6 12. Ng3
Qd7 13. Be3 Bxe3 14. Rxe3 Bxb3 15. Qxb3 g6 16. d4 Rfe8 17. Rd1
Na5 18. Qc2 Nc4 19. Re2 Qc6 20. b3 Nb6 21. c4 Nbd7 22. dxe5
1/2-1/2

[Event "Olympiad"]
[Site "Bled SLO"]
[Date "2002.10.31"]
[EventDate "2002.10.26"]
[Round "6"]
[Result "1-0"]
[White "Shojaat Ghane"]
[Black "Miguel Munoz Sanchez"]
[WhiteElo "2406"]
[BlackElo "2305"]
[PlyCount "73"]

1. d4 Nf6 2. Nf3 g6 3. c4 Bg7 4. Nc3 O-O 5. e4 d6 6. Be2 Nc6
7. O-O e5 8. d5 Ne7 9. Ne1 Nd7 10. f3 f5 11. Be3 f4 12. Bf2 g5
13. a4 a5 14. Nd3 b6 15. Be1 Rf6 16. b4 axb4 17. Nb5 h5
18. Bxb4 Rg6 19. Nf2 Nf6 20. h3 g4 21. fxg4 hxg4 22. Bxg4 Bxg4
23. hxg4 Bh6 24. a5 bxa5 25. Rxa5 Rc8 26. Ra7 Bg5 27. Ba5 Bh4
28. Bxc7 Qf8 29. Nxd6 Bxf2+ 30. Rxf2 Nxg4 31. Qf3 Nxf2
32. Nxc8 Nxc8 33. Ra8 Nd3 34. Qh3 Qc5+ 35. Kh2 Kg7 36. Rxc8
Rh6 37. Bxe5+ 1-0

[Event "Bled Olympiad"]
[Site "Bled SLO"]
[Date "2002.11.01"]
[EventDate "2002.10.26"]
[Round "7"]
[Result "1/2-1/2"]
[White "Andrei Istratescu"]
[Black "Vlastimil Babula"]
[WhiteElo "2615"]
[BlackElo "2590"]
[PlyCount "115"]

1. d4 Nf6 2. c4 e6 3. Nf3 b6 4. e3 Bb7 5. Bd3 d5 6. O-O Nbd7
7. Nc3 Be7 8. cxd5 exd5 9. b3 O-O 10. Bb2 Bb4 11. Rc1 Re8
12. Ne5 Nxe5 13. dxe5 Rxe5 14. Nb5 d4 15. Nxd4 Rg5 16. f3 Nd5
17. Qe2 Bc5 18. Be4 Qe7 19. Kh1 Re8 20. Rfd1 g6 21. Qf2 Rh5
22. h3 a6 23. Rd2 Qf8 24. Rcd1 Qh6 25. Nc2 Nxe3 26. Nxe3 Bxe3
27. Rd8 Rf8 28. Rxf8+ Kxf8 29. Qg3 Bf4 30. Bf6 Rd5 31. Qe1
Rxd1 32. Qxd1 Bd6 33. Bxb7 Qf4 34. Qg1 Qxf6 35. Bxa6 Qb2
36. Bc4 Qxa2 37. Qf1 Qd2 38. f4 Qxf4 39. Qxf4 Bxf4 40. Bd5 Ke7
41. Kg1 f5 42. Kf2 Kf6 43. Ke2 Bd6 44. Kd3 Ke5 45. Bg8 h5
46. Bf7 Kf6 47. Be8 h4 48. Kd4 g5 49. Bd7 Bc5+ 50. Kd5 Ba3
51. Bc8 Bd6 52. Bd7 Bc5 53. Bc8 c6+ 54. Kxc6 Ke5 55. Kb5 Ke4
56. Kc4 Bf2 57. Kc3 Be1+ 58. Kc2 1/2-1/2